Don Quichotte

Ο Δον Κιχώτης, ένας εκκεντρικός άνθρωπος, που έχει ένα σπίτι γεμάτο βιβλία που αφηγούνται παλιές ιστορίες, από άλλες εποχές αποφασίζει να ζήσει σε αυτές. Αποκτά μια πανοπλία, έναν ιπποκόμο, ένα άλογο και έτσι ξεκινάει το ταξίδι του για την περιπέτεια....

Πλήρης περιγραφή

Αποθηκεύτηκε σε:
Λεπτομέρειες βιβλιογραφικής εγγραφής
Άλλοι συγγραφείς: Welles, Orson, 1915-1985 (Διευθυντής, Ηθοποιός), Franco, Jesus, 1930-2013 (Διευθυντής), Reiguera, Francisco (Ηθοποιός), Tamiroff, Akim, 1899-1972 (Ηθοποιός)
Μορφή: Διαφάνειες
Γλώσσα:Spanish
Greek
Δημοσίευση: Αθήνα : ArtFree [Εταιρεία διανομής], 2005.
Θέματα:
Ετικέτες: Προσθήκη ετικέτας
Δεν υπάρχουν, Καταχωρήστε ετικέτα πρώτοι!

MARC

LEADER 00000cgm a2200000 i 4500
001 1/4528
008 100217s2005 gr ||| | || ||spa||
035 |l 10106811 
040 |a GR-MyUa  |b gre  |e AACR2 
041 0 |a spa  |j gre 
082 7 |a 791.437   |2 (22) 
245 0 0 |a Don Quichotte   |h [μαγνητοσκόπηση] /   |c μια ταινία του Orson Welles. 
260 |a Αθήνα :   |b ArtFree [Εταιρεία διανομής],   |c 2005. 
300 |a 1 βιντεοδίσκος (115 λεπτ.) :   |b ομίλ., ασπρόμ. ;   |c 4 3/4 ίν. 
500 |a Ο Orson Welles ξεκίνησε να το γυρίζει το 1955 και το δούλευε για 10 χρόνια, χωρίς επιτυχία. Το 1992 ο Jesus Franco το ολοκλήρωσε και το παρουσίασε για πρώτη φορά. 
511 0 |a Francisco Reiguera, Akim Tamiroff, Orson Welles. 
520 8 |a Ο Δον Κιχώτης, ένας εκκεντρικός άνθρωπος, που έχει ένα σπίτι γεμάτο βιβλία που αφηγούνται παλιές ιστορίες, από άλλες εποχές αποφασίζει να ζήσει σε αυτές. Αποκτά μια πανοπλία, έναν ιπποκόμο, ένα άλογο και έτσι ξεκινάει το ταξίδι του για την περιπέτεια. 
546 |a Στα ισπανικά με υπότιτλους στα ελληνικά. 
600 1 0 |a Quixote,   |c Don (Fictitious character)  |v Drama. 
650 0 |a Panza, Sancho (Fictitious character)  |v Drama. 
655 7 |a Feature films  |2 lcgft 
700 1 |a Welles, Orson,   |d 1915-1985,  |e drt  |e act 
700 1 |a Franco, Jesus,   |d 1930-2013,  |e drt 
700 1 |a Reiguera, Francisco,  |e act 
700 1 |a Tamiroff, Akim,   |d 1899-1972,  |e act 
852 |a INST  |b SYROS  |c AV  |e 20100217  |h 791.437 WEL  |p 005500007848  |q 005500007848  |t DVD  |y 23 
901 |a BIBL5-2008-1 
922 |a 5ΕΛΗ  |b 200810  |c Βιβλιοθήκη Σύρου  |d DVD Club Enter 
970 |a Κοντού  |b Παρασκευή  |z 17/02/2010